El imperio y la misión (Registro nro. 51566)
[ vista simple ]
| 000 -LÍDER | |
|---|---|
| Campo fijo de descripción fija | 01088aab a2200193 i 4500 |
| 001 - NÚMERO DE CONTROL | |
| Campo de control | 768714001 |
| 003 - IDENTIFICADOR DEL NÚMERO DE CONTROL | |
| Campo de control | CO-MdFUSB |
| 005 - FECHA Y HORA DE LA ULTIMA TRANSACCIÓN | |
| control field | 20241002062722.0 |
| 008 - ELEMENTOS DE LONGITUD FIJA -- INFORMACIÓN GENERAL | |
| Campo fijo de descripción fija -- Información general | 240411t1985 ag ||||| |||| 00| 0 spa d |
| 040 ## - FUENTE DE CATALOGACIÓN | |
| Agencia que realiza la transcripción | CO-MdFUSB |
| 041 ## - CÓDIGO DE IDIOMA | |
| Código de idioma para texto/pista de sonido o título separado | spa |
| 100 1# - ASIENTO PRINCIPAL--NOMBRE PERSONAL | |
| Nombre personal | Deiros, Pablo A. (Alberto) (1945-) |
| Término relacionador | autor |
| 245 #3 - TÍTULO | |
| Título | El imperio y la misión |
| Mención de responsabilidad | / Pablo A. Deiros |
| 300 ## - DESCRIPCIÓN FÍSICA | |
| Extensión | Volumen 4, número 1 (marzo, 1985), páginas: 32 - 34 |
| Dimensiones | ; 27 cm |
| 520 ## - NOTA DE RESUMEN, ETC. | |
| Nota de sumario, etc. | Navegando por las páginas de la historia cristiana, es posible conocer estos acontecimientos históricos, que pueden ser valiosos. Un caso muy interesante es el de los cristianos persas en la Crónica de Arbil (o Arbela), que muestra interesantes datos sobre la expansión del cristianismo en el Imperio parto y posteriormente en el Imperio persa, y presenta algunas conclusiones misionológicas que ayudan a cumplir la actual tarea. |
| 650 #7 - ASIENTO SECUNDARIO DE MATERIA - TERMINO TEMÁTICO | |
| Término temático o nombre geográfico como elemento de entrada | Cristianismo |
| Subdivisión general | Historia |
| Subdivisión cronológica | 0030-0600 (Iglesia primitiva) |
| 9 (RLIN) | 217 |
| 773 0# - ASIENTO DE ITEM FUENTE | |
| Título | Iglesia y Misión |
| Biblionumber | 49402 |
| Itemnumber | 59687 |
| Parte(s) relacionada(s) / Volumen., número. (mes año), páginas | Volumen 4, número 1 (marzo, 1985), páginas: 32 - 34 |
| Enumeración y primera página | página: 32 |
| 942 ## - TIPO DE MATERIAL (KOHA) | |
| Tipo de Item KOHA | Artículos de Revista |
No hay ítems disponibles.
